000 00695nam a2200277Ia 4500
005 20260324132723.0
008 008 260324s9999 xx 000 0 eng d
020 _a9780429220760
037 _aEBOOK
040 _aCRL
040 _beng
040 _cCRL
041 _2eng
041 _aeng
084 _qCRL
100 _aLeonid D. Akulenko; Sergei V. Nesterov
_91190364
245 0 _aHigh-Precision Methods in Eigenvalue Problems and Their Applications
260 _bTaylor and Francis
260 _c2004
365 _a
365 _b340
856 _uhttp://www.taylorfrancis.com/books/9780429220760
942 _cEBOOK
999 _c1788705
_d1788705